Statistics for Asphalt 9 Class C cars

Click here to take the quiz!

General Stats

  • This quiz has been taken 16 times
  • The average score is 10 of 21

Answer Stats

HintAnswer% Correct
EPICVencer Sarthe
80%
RAREAcura 2017 NSX
70%
COMMONBMW M4 GTS
70%
COMMONDodge Challenger SRT8
70%
COMMONBMW 3.0 CSL Hommage
60%
RAREDodge Viper ACR
60%
EPICFerrari F40
60%
RAREMaserati Alfieri
60%
RAREArtega Scalo Superelletra
50%
COMMONChevrolet Camaro ZL1 50th Edition
50%
RAREFord Shelby GR1
50%
COMMONLotus Evora Sport 410
50%
RAREPininfarina H2 Speed
50%
RARERezvani Beast X
50%
EPICArrinera Hussarya 33
40%
COMMONMercedes AMG GT S
40%
EPICBentley Mulliner Bacalar
30%
EPICFerrari 599XX Evo
30%
EPICChevrolet Corvette Stingray
20%
EPICLamborghini Gallardo LP 560-4 2013
10%
EPICPorsche 918 Cayman GT4 Clubsport
10%

Score Distribution

Percentile by Number Answered

Percent of People with Each Score

Your Score History

You have not taken this quiz